[Event "Madrid Oliver Gonzalez Memorial-B 3rd"]
[Site "Madrid"]
[Date "2012.09.07"]
[Round "7"]
[White "Noval Toldos, Francisco Javier"]
[Black "Juberias Guillen, Paloma"]
[Result "1/2-1/2"]
[WhiteElo "1956"]
[BlackElo "1788"]
[PlyCount "58"]
[EventDate "2012.09.01"]
[EventType "swiss"]
[EventRounds "9"]
[EventCountry "ESP"]
[SourceTitle "CBM 150 Extra"]
[Source "ChessBase"]
[SourceDate "2012.10.19"]
[SourceVersion "1"]
[SourceVersionDate "2012.10.19"]
[SourceQuality "1"]

1. Nf3 d5 2. b3 c5 3. Bb2 Nc6 4. e3 Bg4 5. Be2 Nf6 6. d4 e6 7. 0-0 Bd6 8. Nbd2 Qc7 9. c4 cxd4 10. exd4 0-0 11. Rc1 Rac8 12. h3 Bh5 13. Nh4 Bxe2 14. Qxe2 Bf4 15. g3 Bh6 16. f4 g5 17. Ng2 gxf4 18. Nxf4 Kh8 19. Kh2 Rg8 20. Rf3 Rxg3 21. Kxg3 Rg8+ 22. Kf2 Bxf4 23. Rg1 Bxd2 24. Rxg8+ Kxg8 25. Rxf6 Qh2+ 26. Kf1 Qh1+ 27. Kf2 Qh2+ 28. Kf1 Qh1+ 29. Kf2 Qh2+ 1/2-1/2

[Event "Madrid Oliver Gonzalez Memorial-B 3rd"]
[Site "Madrid"]
[Date "2012.09.05"]
[Round "5"]
[White "Avendano Mateos, Ivan Jose"]
[Black "Juberias Guillen, Paloma"]
[Result "1-0"]
[WhiteElo "2014"]
[BlackElo "1788"]
[PlyCount "105"]
[EventDate "2012.09.01"]
[EventType "swiss"]
[EventRounds "9"]
[EventCountry "ESP"]
[SourceTitle "CBM 150 Extra"]
[Source "ChessBase"]
[SourceDate "2012.10.19"]
[SourceVersion "1"]
[SourceVersionDate "2012.10.19"]
[SourceQuality "1"]

1. d4 d5 2. Nf3 Nf6 3. Bg5 c5 4. Bxf6 gxf6 5. c3 cxd4 6. cxd4 Nc6 7. Nc3 Bf5 8. a3 e5 9. e3 Be6 10. Bb5 Bg7 11. 0-0 0-0 12. Bxc6 bxc6 13. Qa4 Qb6 14. Qc2 e4 15. Na4 Qd8 16. Ne1 Rc8 17. Nc5 Kh8 18. b4 Rg8 19. Nb3 Bh6 20. g3 Bh3 21. Ng2 f5 22. Rfc1 Qd6 23. b5 f4 24. bxc6 fxg3 25. hxg3 Bxg2 26. Kxg2 Bxe3 27. Rh1 Rxc6 28. Qe2 Bg5 29. Rh5 Qg6 30. Rah1 h6 31. Nc5 f5 32. Qb5 Rb6 33. Qd7 e3 34. Qxd5 exf2 35. Kxf2 Be3+ 36. Kxe3 Qxg3+ 37. Kd2 Qf2+ 38. Kc1 Qe3+ 39. Kc2 Qe2+ 40. Kc1 Qb2+ 41. Kd1 Qa1+ 42. Kd2 Rb2+ 43. Ke3 Qxa3+ 44. Nd3 Rg3+ 45. Kf4 Rg4+ 46. Kxf5 Qxd3+ 47. Kxg4 Qg6+ 48. Rg5 Rg2+ 49. Qxg2 Qxg5+ 50. Kf3 Qf6+ 51. Ke3 Qe7+ 52. Qe4 Qa3+ 53. Kf4 1-0

[Event "San Sebastian de los Reyes op 13th"]
[Site "San Sebastian"]
[Date "2011.12.10"]
[Round "9"]
[White "Juberias Guillen, Paloma"]
[Black "Zumel Zea, Javier"]
[Result "1-0"]
[WhiteElo "1759"]
[BlackElo "1625"]
[PlyCount "75"]
[EventDate "2011.12.02"]
[EventType "swiss"]
[EventRounds "9"]
[EventCountry "ESP"]
[SourceTitle "CBM 145 Extra"]
[Source "ChessBase"]
[SourceDate "2012.01.03"]
[SourceVersion "1"]
[SourceVersionDate "2012.01.03"]
[SourceQuality "1"]

1. d4 d5 2. c4 e6 3. Nc3 Nf6 4. Nf3 Nbd7 5. e3 c6 6. Bd3 dxc4 7. Bxc4 b5 8. Bd3 a6 9. e4 c5 10. e5 cxd4 11. Nxb5 Bb4+ 12. Bd2 Bxd2+ 13. Qxd2 axb5 14. exf6 Qxf6 15. Bxb5 0-0 16. Qxd4 e5 17. Qd5 Nb6 18. Qxe5 Qg6 19. 0-0 Bb7 20. Qg3 Qf5 21. a4 Nd5 22. Nd4 Qf6 23. Qg4 Nc7 24. Be2 Ra5 25. Nb5 Nxb5 26. b4 Ra6 27. Bxb5 Rb6 28. Rfb1 Qe5 29. Bf1 Rg6 30. Qh3 Bc8 31. Qe3 Qb8 32. a5 Rh6 33. g3 Bb7 34. a6 Re8 35. axb7 Rhe6 36. Qa7 Qd8 37. Rd1 Qc7 38. Rac1 1-0

[Event "Tres Cantos op 3rd"]
[Site "Tres Cantos"]
[Date "2011.06.30"]
[Round "9"]
[White "Juberias Guillen, Paloma"]
[Black "Martin Garcia, Francisco Javier"]
[Result "1-0"]
[WhiteElo "1738"]
[BlackElo "1635"]
[PlyCount "59"]
[EventDate "2011.06.22"]
[EventType "swiss"]
[EventRounds "9"]
[EventCountry "ESP"]
[SourceTitle "EXT 2012"]
[Source "ChessBase"]
[SourceDate "2011.11.24"]
[SourceVersion "1"]
[SourceVersionDate "2011.11.24"]
[SourceQuality "1"]

1. d4 Nf6 2. c4 c5 3. d5 b5 4. Qc2 b4 5. e4 d6 6. Bg5 Nbd7 7. Nd2 g6 8. Bd3 Bg7 9. f4 0-0 10. Ngf3 Ng4 11. Nf1 a5 12. h3 Ngf6 13. Ng3 a4 14. Rd1 a3 15. b3 Ne8 16. 0-0 Ra6 17. Rfe1 Nef6 18. e5 dxe5 19. fxe5 Ne8 20. d6 f6 21. dxe7 Qxe7 22. exf6 Qd6 23. fxg7 Rxf3 24. Rxe8+ Kxg7 25. gxf3 Qxg3+ 26. Qg2 Qc7 27. Rde1 Ne5 28. R1xe5 Re6 29. R5xe6 Bxe6 30. Re7+ 1-0

[Event "Tres Cantos op 3rd"]
[Site "Tres Cantos"]
[Date "2011.06.25"]
[Round "4"]
[White "Juberias Guillen, Paloma"]
[Black "Rodriguez Bernal, Herman"]
[Result "1/2-1/2"]
[WhiteElo "1738"]
[BlackElo "1865"]
[PlyCount "95"]
[EventDate "2011.06.22"]
[EventType "swiss"]
[EventRounds "9"]
[EventCountry "ESP"]
[SourceTitle "EXT 2012"]
[Source "ChessBase"]
[SourceDate "2011.11.24"]
[SourceVersion "1"]
[SourceVersionDate "2011.11.24"]
[SourceQuality "1"]

1. d4 Nf6 2. c4 e6 3. Nc3 d5 4. Nf3 Be7 5. e3 0-0 6. Bd3 dxc4 7. Bxc4 Nc6 8. 0-0 a6 9. e4 b5 10. Bb3 b4 11. Ne2 Nxe4 12. Qc2 Nxf2 13. Rxf2 Na5 14. Ba4 Bb7 15. Be3 Rc8 16. Rd1 Bd5 17. Nf4 Nc4 18. Bc1 c5 19. Nxd5 exd5 20. Qd3 Bf6 21. Bc2 g6 22. b3 Nd6 23. Bb2 c4 24. bxc4 dxc4 25. Qf1 c3 26. Bc1 Bg7 27. Qxa6 Ra8 28. Qc6 Rxa2 29. Bg5 Bf6 30. Bxf6 Qxf6 31. Ne5 Qxf2+ 32. Kxf2 Rxc2+ 33. Kf1 Nf5 34. Qe4 b3 35. Nc4 Rc8 36. Ne3 Nxe3+ 37. Qxe3 Ra2 38. Qh3 Rc7 39. Qe3 Rc8 40. Qh3 Rc6 41. Qd7 Rf6+ 42. Kg1 Rff2 43. Qc8+ Kg7 44. Qxc3 Rxg2+ 45. Kf1 Raf2+ 46. Ke1 Re2+ 47. Kf1 Rgf2+ 48. Kg1 1/2-1/2

[Event "San Sebastian Constitucion op 11th"]
[Site "San Sebastian"]
[Date "2009.12.05"]
[Round "6"]
[White "Juberias Guillen, Paloma"]
[Black "Nieto Esteban, Manuel"]
[Result "1-0"]
[WhiteElo "1611"]
[BlackElo "1801"]
[PlyCount "55"]
[EventDate "2009.11.30"]
[EventType "swiss"]
[EventRounds "9"]
[EventCountry "ESP"]
[SourceTitle "CBM 133 Extra"]
[Source "ChessBase"]
[SourceDate "2010.01.05"]
[SourceVersion "1"]
[SourceVersionDate "2010.01.05"]
[SourceQuality "1"]

1. d4 d5 2. c4 e6 3. Nc3 Nf6 4. Nf3 c6 5. e3 Bd6 6. Bd3 0-0 7. 0-0 Nbd7 8. e4 dxe4 9. Nxe4 Nxe4 10. Bxe4 e5 11. c5 Bc7 12. Qc2 g6 13. Bh6 f5 14. Qc4+ Kh8 15. Bc2 e4 16. Ng5 Nf6 17. Nf7+ Rxf7 18. Qxf7 Nh5 19. Bd1 Be6 20. Qxe6 Qh4 21. h3 Nf4 22. Qf7 Qxh6 23. Qxc7 Qg5 24. Qe5+ Kg8 25. Bb3+ Kf8 26. Qh8+ Ke7 27. Qxh7+ Kd8 28. g3 1-0

[Event "Collado Villalba op-B 26th"]
[Site "Collado Villalba"]
[Date "2009.08.27"]
[Round "7"]
[White "Juberias Guillen, Paloma"]
[Black "Sierra Soria, Maria"]
[Result "1-0"]
[WhiteElo "1556"]
[BlackElo "1776"]
[PlyCount "91"]
[EventDate "2009.08.21"]
[EventType "swiss"]
[EventRounds "9"]
[EventCountry "ESP"]
[SourceTitle "EXT 2011"]
[Source "ChessBase"]
[SourceDate "2010.11.26"]
[SourceVersion "1"]
[SourceVersionDate "2010.11.26"]
[SourceQuality "1"]

1. d4 d5 2. c4 dxc4 3. Nc3 e5 4. e3 exd4 5. exd4 Nf6 6. Bxc4 Be7 7. Qa4+ c6 8. Qb3 0-0 9. Nge2 Qc7 10. h3 Bf5 11. Bf4 Qd7 12. Rd1 a5 13. Bd3 Be6 14. Qc2 h6 15. 0-0 Na6 16. a3 Nc7 17. Na4 Ncd5 18. Nc5 Qc8 19. Bh2 Rd8 20. Nxe6 fxe6 21. Rfe1 c5 22. Bc4 Qc6 23. dxc5 Bxc5 24. Nd4 Bxd4 25. Rxd4 Rac8 26. Qe2 Kf7 27. Bb3 Re8 28. Rc4 Qb5 29. Ba2 Rxc4 30. Bxc4 Qb6 31. Be5 Re7 32. Qd3 Qc6 33. Bb5 Qb6 34. Ba4 Qc5 35. Bc2 Rd7 36. Bd4 Nf4 37. Qg6+ Nxg6 38. Bxc5 Rc7 39. Bxg6+ Kxg6 40. Bb6 Rc2 41. Bxa5 Rxb2 42. Rxe6 Kf5 43. Re7 g6 44. g3 Ne4 45. Bb4 Kf6 46. Rxe4 1-0

[Event "Collado Villalba op-B 26th"]
[Site "Collado Villalba"]
[Date "2009.08.22"]
[Round "2"]
[White "Saez Gabikagogeaskoa, Oscar"]
[Black "Juberias Guillen, Paloma"]
[Result "0-1"]
[WhiteElo "1999"]
[BlackElo "1556"]
[PlyCount "76"]
[EventDate "2009.08.21"]
[EventType "swiss"]
[EventRounds "9"]
[EventCountry "ESP"]
[SourceTitle "EXT 2011"]
[Source "ChessBase"]
[SourceDate "2010.11.26"]
[SourceVersion "1"]
[SourceVersionDate "2010.11.26"]
[SourceQuality "1"]

1. e4 c6 2. d4 d5 3. exd5 cxd5 4. c4 Nf6 5. Nc3 g6 6. cxd5 Nxd5 7. Bb5+ Bd7 8. Qb3 Nb6 9. Nf3 Bg7 10. Ne5 0-0 11. Nxd7 N8xd7 12. Be3 Nf6 13. Be2 Qd7 14. 0-0 Nfd5 15. Bg5 Bxd4 16. Rad1 e5 17. Bf3 Ne7 18. Rfe1 Nc6 19. Ne4 Qc7 20. Rc1 Nd7 21. Bg4 Kg7 22. Bxd7 Qxd7 23. Bf6+ Kg8 24. Qg3 Qf5 25. Qh4 Qh5 26. Qxh5 gxh5 27. b3 Rfe8 28. Re2 Re6 29. Bg5 Kg7 30. Ng3 Kg6 31. Bd2 Rd8 32. Ne4 h6 33. Nc3 a6 34. Be1 Nb4 35. Rd1 Rc8 36. Ne4 Nd5 37. g3 f5 38. Nd2 Nc3 0-1

[Event "Collado Villalba op-B 26th"]
[Site "Collado Villalba"]
[Date "2009.08.21"]
[Round "1"]
[White "Juberias Guillen, Paloma"]
[Black "Bolea Olivan, Jose Angel"]
[Result "0-1"]
[WhiteElo "1556"]
[BlackElo "1882"]
[PlyCount "74"]
[EventDate "2009.08.21"]
[EventType "swiss"]
[EventRounds "9"]
[EventCountry "ESP"]
[SourceTitle "EXT 2011"]
[Source "ChessBase"]
[SourceDate "2010.11.26"]
[SourceVersion "1"]
[SourceVersionDate "2010.11.26"]
[SourceQuality "1"]

1. d4 Nf6 2. c4 e6 3. Nc3 c5 4. e3 a6 5. Nf3 b6 6. Be2 Bb7 7. 0-0 Be7 8. d5 exd5 9. cxd5 d6 10. e4 0-0 11. Bg5 Nbd7 12. a4 Rc8 13. Nd2 Nxd5 14. Bxe7 Nxe7 15. Nc4 Qc7 16. Nxd6 Rcd8 17. Nxb7 Qxb7 18. Qc2 Nc6 19. Bc4 Nde5 20. Bd5 Qc7 21. Bxc6 Nxc6 22. Nd5 Qb7 23. Ra3 Nd4 24. Qd1 f5 25. f3 b5 26. axb5 axb5 27. Rc3 Qa7 28. Rd3 b4 29. Qd2 fxe4 30. fxe4 Rxf1+ 31. Kxf1 Qa1+ 32. Kf2 Rf8+ 33. Kg3 Qf1 34. Re3 Qf7 35. h3 Re8 36. Nxb4 Qg6+ 37. Kh2 Qd6+ 0-1

[Event "Collado Villalba op-B 26th"]
[Site "Collado Villalba"]
[Date "2009.08.21"]
[Round "1"]
[White "Juberias Guillen, Paloma"]
[Black "Casas Rios, Ramon"]
[Result "1/2-1/2"]
[WhiteElo "1556"]
[BlackElo "1879"]
[PlyCount "100"]
[EventDate "2009.08.21"]
[EventType "swiss"]
[EventRounds "9"]
[EventCountry "ESP"]
[SourceTitle "EXT 2011"]
[Source "ChessBase"]
[SourceDate "2010.11.26"]
[SourceVersion "1"]
[SourceVersionDate "2010.11.26"]
[SourceQuality "1"]

1. d4 Nf6 2. c4 e6 3. Nc3 Bb4 4. f3 d5 5. Qa4+ Nc6 6. Bd2 0-0 7. e3 Bd7 8. Qc2 Qe7 9. Bd3 h6 10. Nge2 Bxc3 11. Qxc3 e5 12. dxe5 Nxe5 13. Rc1 Nxd3+ 14. Qxd3 a6 15. Nc3 dxc4 16. Qxc4 Be6 17. Qe2 Rad8 18. 0-0 Rd7 19. e4 Rfd8 20. Be3 b5 21. e5 Nd5 22. Nxd5 Bxd5 23. Bc5 Qe6 24. b3 Re8 25. Rfe1 f6 26. f4 fxe5 27. Qxe5 Qxe5 28. Rxe5 Rxe5 29. fxe5 Be4 30. e6 Rd5 31. Bb4 Re5 32. e7 c6 33. Rf1 Bg6 34. Rf8+ Kh7 35. Rc8 a5 36. Bd6 Re6 37. Rxc6 Be8 38. Rc8 Bf7 39. Bc5 a4 40. b4 Kg6 41. Rb8 Re2 42. a3 Re6 43. Rxb5 Be8 44. Rb8 Kf7 45. b5 Re5 46. Bb4 Rxb5 47. Rxb5 Bxb5 48. g4 Bd7 49. h3 h5 50. gxh5 Bxh3 1/2-1/2